[Event "LIBEREC OPEN 2019"]
[Site "Clarion Grandhotel Zlaty Lev, Liberec"]
[Date "2019.02.23"]
[Round "1"]
[White "Shagbazian, Taron"]
[Black "Verhoef, Harry"]
[Result "1-0"]
[WhiteElo "2421"]
[BlackElo "1794"]
[PlyCount "47"]
[EventDate "2019.02.23"]

1. d4 Nf6 2. c4 e6 3. Nc3 Bb4 4. e3 O-O 5. Bd3 d6 6. Nge2 c5 7. a3 Ba5 8. O-O
Nc6 9. Qc2 Qe7 10. b3 Bd7 11. Bb2 h6 12. Rad1 Rac8 13. dxc5 dxc5 14. Nf4 Bc7
15. Ne4 Nxe4 16. Bxe4 Bxf4 17. exf4 Rfd8 18. Rd3 Be8 19. Bxc6 Bxc6 20. Rg3 f6
21. Qg6 Kf8 22. Qh7 Qf7 23. Qh8+ Ke7 24. Qxg7 1-0

[Event "LIBEREC OPEN 2019"]
[Site "Clarion Grandhotel Zlaty Lev, Liberec"]
[Date "2019.02.23"]
[Round "1"]
[White "Pawicka, Magdalena"]
[Black "Dambrauskas, Virginijus"]
[Result "0-1"]
[WhiteElo "1748"]
[BlackElo "2277"]
[PlyCount "60"]
[EventDate "2019.02.23"]

1. e4 c5 2. Nf3 e6 3. d4 cxd4 4. Nxd4 a6 5. Nc3 Qc7 6. Bd3 Bc5 7. Nb3 Be7 8.
O-O Nf6 9. Qe2 d6 10. Kh1 Nbd7 11. f4 b5 12. Bd2 Bb7 13. Rae1 h5 14. e5 dxe5
15. fxe5 Ng4 16. Bf4 Bh4 17. Ne4 Ndxe5 18. g3 Be7 19. h3 g5 20. Bxe5 Nxe5 21.
Nd4 O-O-O 22. Nf3 Nxf3 23. Rxf3 f5 24. Bxb5 Bxe4 25. Bxa6+ Kb8 26. Qb5+ Ka7 27.
Rxe4 fxe4 28. Rc3 Rd1+ 29. Kg2 Qb6 30. Qa4 Qg1# 0-1

[Event "LIBEREC OPEN 2019"]
[Site "Clarion Grandhotel Zlaty Lev, Liberec"]
[Date "2019.02.23"]
[Round "1"]
[White "Dowgird, Filip"]
[Black "Slechta, Jan"]
[Result "1-0"]
[WhiteElo "2270"]
[BlackElo "1744"]
[PlyCount "75"]
[EventDate "2019.02.23"]

1. d4 Nf6 2. Nf3 e6 3. Bf4 d5 4. e3 c6 5. Nbd2 Bd6 6. Bg3 Qc7 7. Ne5 Nbd7 8. f4
Nb6 9. Bd3 Bd7 10. c3 c5 11. a4 c4 12. Bc2 a5 13. O-O g6 14. e4 Be7 15. Nxf7
Kxf7 16. f5 Qc6 17. fxg6+ Ke8 18. e5 hxg6 19. exf6 Bd6 20. Qg4 Kd8 21. Qxg6 Kc7
22. f7 Raf8 23. Nf3 Bxg3 24. Qxg3+ Qd6 25. Qxd6+ Kxd6 26. Ne5 Rh6 27. g4 Nc8
28. Ng6 Rxg6 29. Bxg6 Ke7 30. g5 Nd6 31. h4 Nxf7 32. Rxf7+ Rxf7 33. Bxf7 Kxf7
34. h5 Kg8 35. Kf2 Be8 36. g6 Kg7 37. Ke3 Kh6 38. Rg1 1-0

[Event "LIBEREC OPEN 2019"]
[Site "Clarion Grandhotel Zlaty Lev, Liberec"]
[Date "2019.02.23"]
[Round "1"]
[White "Vitak, Jiri"]
[Black "Markus, Nico"]
[Result "1-0"]
[WhiteElo "2157"]
[BlackElo "1735"]
[PlyCount "59"]
[EventDate "2019.02.23"]

1. d4 Nf6 2. c4 e6 3. g3 d5 4. Nf3 Be7 5. Bg2 O-O 6. O-O b6 7. Nc3 Bb7 8. Ne5
Nbd7 9. Qa4 Nxe5 10. dxe5 Nd7 11. cxd5 exd5 12. Nxd5 Nc5 13. Qd1 c6 14. Nxe7+
Qxe7 15. Qd6 Qe6 16. Be3 Nd7 17. Qxe6 fxe6 18. f4 Rac8 19. Rfd1 Nb8 20. Rd6
Rce8 21. a4 Ba6 22. a5 Bxe2 23. axb6 axb6 24. Bxb6 Bc4 25. Bc7 Bd5 26. Bh3 Re7
27. Ra7 Kf7 28. f5 exf5 29. Bxf5 g6 30. Rf6+ 1-0

[Event "LIBEREC OPEN 2019"]
[Site "Clarion Grandhotel Zlaty Lev, Liberec"]
[Date "2019.02.23"]
[Round "1"]
[White "Jina, Lubos"]
[Black "Valenta, Vit"]
[Result "0-1"]
[WhiteElo "1729"]
[BlackElo "2155"]
[PlyCount "73"]
[EventDate "2019.02.23"]

1. d4 Nf6 2. Nf3 g6 3. c4 Bg7 4. Nc3 O-O 5. e4 d6 6. Bd3 Nbd7 7. O-O e5 8. d5
Nh5 9. g3 Nc5 10. Bc2 Bh3 11. Re1 a5 12. Be3 b6 13. a3 Bg4 14. Bxc5 bxc5 15.
Qd3 f5 16. exf5 gxf5 17. Nh4 e4 18. Nxe4 Nf4 19. gxf4 Qxh4 20. Ng3 Bxb2 21. Ra2
Bd4 22. Ba4 Rf6 23. Re6 Raf8 24. Nf1 Kh8 25. Qg3 Qh5 26. Qd3 Bf3 27. Ng3 Qg4
28. Kf1 Qxf4 29. Ne2 Bg2+ 30. Ke1 Qxf2+ 31. Kd2 Be4 32. Qg3 Qxg3 33. Nxg3 Bb1
34. Rc2 Bxc2 35. Kxc2 f4 36. Ne4 f3 37. Nxf6 0-1
7

[Event "LIBEREC OPEN 2019"]
[Site "Clarion Grandhotel Zlaty Lev, Liberec"]
[Date "2019.02.23"]
[Round "1"]
[White "Zuzanek, Vitezslav"]
[Black "Bakhtin, Vladimir A"]
[Result "0-1"]
[WhiteElo "1673"]
[BlackElo "2138"]
[PlyCount "72"]
[EventDate "2019.02.23"]

1. e4 e5 2. Nf3 Nf6 3. Nxe5 Nxe4 4. d3 Nf6 5. Qe2 Be7 6. Nc3 O-O 7. Bd2 Re8 8.
O-O-O Bb4 9. d4 Bxc3 10. Bxc3 d6 11. Qc4 dxe5 12. dxe5 Nfd7 13. f4 Nc6 14. Bd3
Qe7 15. Rhe1 Nb6 16. Qe4 g6 17. Qf3 Qe6 18. Kb1 Nd5 19. Be4 Nxc3+ 20. Qxc3 Bd7
21. h3 Rad8 22. g4 Qe7 23. a3 Qh4 24. Bd3 Qxh3 25. f5 Qxg4 26. fxg6 hxg6 27.
Rg1 Qf4 28. Bxg6 fxg6 29. Rxg6+ Kf7 30. Rdg1 Nxe5 31. Rg7+ Ke6 32. Qb3+ Kd6 33.
Rd1+ Kc6 34. Qd5+ Kb6 35. Rd4 Qf1+ 36. Ka2 Bb5 0-1

[Event "LIBEREC OPEN 2019"]
[Site "Clarion Grandhotel Zlaty Lev, Liberec"]
[Date "2019.02.23"]
[Round "1"]
[White "Simon, Petr"]
[Black "Cermak, Michal"]
[Result "0-1"]
[WhiteElo "1654"]
[BlackElo "2106"]
[PlyCount "26"]
[EventDate "2019.02.23"]

1. e4 d5 2. exd5 Nf6 3. Nc3 Nxd5 4. Nf3 Bg4 5. Be2 Nf4 6. O-O Nc6 7. h3 Nxe2+
8. Nxe2 Bxf3 9. gxf3 Qd5 10. Ng3 Ne5 11. Kg2 Ng6 12. Ne4 Nh4+ 13. Kg3 Qe5+ 0-1

[Event "LIBEREC OPEN 2019"]
[Site "Clarion Grandhotel Zlaty Lev, Liberec"]
[Date "2019.02.23"]
[Round "1"]
[White "Ochedzan, Tymon"]
[Black "Harcuba, Adam"]
[Result "1-0"]
[WhiteElo "2076"]
[BlackElo "1620"]
[PlyCount "57"]
[EventDate "2019.02.23"]

1. e4 d5 2. exd5 Qxd5 3. Nc3 Qa5 4. d4 c6 5. Nf3 Nf6 6. Bd2 Bf5 7. Ne4 Qc7 8.
Nxf6+ exf6 9. g3 Bd6 10. Bg2 Qe7+ 11. Be3 Nd7 12. O-O O-O 13. c4 c5 14. Re1 Qd8
15. Nh4 Bg6 16. Nxg6 hxg6 17. Bxb7 Rb8 18. Bc6 cxd4 19. Bxd4 Ne5 20. Bd5 Qc7
21. Rc1 Rfc8 22. a3 Qa5 23. Re3 Nc6 24. b4 Nxb4 25. axb4 Bxb4 26. Ra1 Qd8 27.
Rxa7 Rc7 28. Re8+ Qxe8 29. Rxc7 1-0

[Event "LIBEREC OPEN 2019"]
[Site "Clarion Grandhotel Zlaty Lev, Liberec"]
[Date "2019.02.23"]
[Round "1"]
[White "Chernyak, Nataliya"]
[Black "Paldus, Petr"]
[Result "0-1"]
[WhiteElo "1587"]
[BlackElo "2036"]
[PlyCount "28"]
[EventDate "2019.02.23"]

1. e4 e5 2. Bc4 Nf6 3. d4 exd4 4. e5 d5 5. Bb3 Ne4 6. Nf3 Nc6 7. O-O Bg4 8. Ba4
Bc5 9. h3 Bxf3 10. Qxf3 O-O 11. Bxc6 bxc6 12. Nd2 Nxd2 13. Bxd2 Qe7 14. Rfe1
Bb4 0-1

[Event "LIBEREC OPEN 2019"]
[Site "Clarion Grandhotel Zlaty Lev, Liberec"]
[Date "2019.02.23"]
[Round "1"]
[White "Nemcova, Karin"]
[Black "Veselsky, Jan"]
[Result "1-0"]
[WhiteElo "2033"]
[BlackElo "1561"]
[PlyCount "67"]
[EventDate "2019.02.23"]

1. e4 c6 2. d4 d5 3. Nd2 g6 4. Ngf3 Bg7 5. e5 Bg4 6. h3 Bxf3 7. Nxf3 e6 8. Bd3
Nd7 9. h4 Ne7 10. h5 h6 11. hxg6 Nxg6 12. Bxg6 fxg6 13. Nh4 Nf8 14. Rh3 Qe7 15.
Nxg6 Nxg6 16. Qh5 O-O-O 17. Qxg6 Rdg8 18. Qd3 Qf7 19. Qf3 Rf8 20. Qxf7 Rxf7 21.
Be3 Kd7 22. Ke2 c5 23. dxc5 Bxe5 24. Rxh6 Rg8 25. g3 d4 26. Rd1 Bg7 27. Rh5 e5
28. c3 Rgf8 29. cxd4 exd4 30. Bxd4 Bxd4 31. Rxd4+ Kc6 32. Rd6+ Kc7 33. f4 Re8+
34. Kf3 1-0

[Event "LIBEREC OPEN 2019"]
[Site "Clarion Grandhotel Zlaty Lev, Liberec"]
[Date "2019.02.23"]
[Round "1"]
[White "Voldrich, Milan"]
[Black "Bradac, Daniel"]
[Result "0-1"]
[WhiteElo "1526"]
[BlackElo "2020"]
[PlyCount "72"]
[EventDate "2019.02.23"]

1. c4 Nf6 2. d4 c5 3. d5 d6 4. Nc3 g6 5. Bg5 Bg7 6. e3 O-O 7. Nf3 a6 8. Be2 h6
9. Bxf6 Bxf6 10. Qc2 b5 11. cxb5 axb5 12. Bxb5 Ra5 13. Bc4 Na6 14. a3 Bg4 15.
Nd2 Nc7 16. O-O Qa8 17. f3 Bd7 18. Nde4 Bg7 19. Nf2 Rb8 20. Rfb1 Nb5 21. Nfd1
Bf5 22. e4 Nd4 23. Qd2 Bd7 24. Ra2 Ba4 25. b3 Bxb3 26. Bxb3 Nxb3 27. Qb2 Bd4+
28. Kh1 Qa6 29. Nf2 c4 30. Nfd1 Rb7 31. Qe2 Rxa3 32. Rxa3 Qxa3 33. Rb2 Qb4 34.
Rb1 Qa5 35. h3 Nc5 36. Qd2 Rxb1 0-1

[Event "LIBEREC OPEN 2019"]
[Site "Clarion Grandhotel Zlaty Lev, Liberec"]
[Date "2019.02.23"]
[Round "1"]
[White "Polansky, Adam Lubos"]
[Black "Bruna, Matous"]
[Result "1-0"]
[WhiteElo "1997"]
[BlackElo "1504"]
[PlyCount "55"]
[EventDate "2019.02.23"]

1. d4 d5 2. c4 c6 3. Nc3 Nf6 4. Nf3 e6 5. g3 Be7 6. Bg2 O-O 7. O-O Nbd7 8. Qc2
Re8 9. Bf4 Nf8 10. Rfd1 Ng6 11. Bc1 Qc7 12. Nd2 b6 13. e4 dxe4 14. Ndxe4 Bb7
15. Nxf6+ Bxf6 16. Ne4 Be7 17. h4 Rad8 18. h5 Nf8 19. Bf4 Qc8 20. c5 bxc5 21.
dxc5 Rxd1+ 22. Rxd1 Rd8 23. Nd6 Bxd6 24. Bxd6 Nd7 25. h6 gxh6 26. Rd4 f5 27.
Qd2 Re8 28. Qxh6 1-0

[Event "LIBEREC OPEN 2019"]
[Site "Clarion Grandhotel Zlaty Lev, Liberec"]
[Date "2019.02.23"]
[Round "1"]
[White "Elias, Jakub"]
[Black "Blazek, Matej"]
[Result "1-0"]
[WhiteElo "1910"]
[BlackElo "1399"]
[PlyCount "73"]
[EventDate "2019.02.23"]

1. e4 c6 2. d4 d5 3. Nc3 dxe4 4. Nxe4 Bf5 5. Ng3 Bg6 6. Nf3 e6 7. h4 h6 8. h5
Bh7 9. Bd3 Bxd3 10. Qxd3 Bd6 11. Ne4 Nf6 12. Bd2 Nxe4 13. Qxe4 Qb6 14. O-O-O
Nd7 15. Qe2 Nf6 16. c4 Bb4 17. Bxb4 Qxb4 18. Ne5 O-O 19. Rh3 Qe7 20. g4 c5 21.
dxc5 Qxc5 22. Rhd3 b5 23. Rd4 Rfc8 24. Kb1 bxc4 25. Rxc4 Qb6 26. Rdc1 Rxc4 27.
Rxc4 Nd5 28. Qc2 Qb7 29. a3 Rb8 30. Nd3 Qd7 31. Nc5 Qb5 32. Ne4 Qd7 33. g5 Qb5
34. a4 Qb7 35. gxh6 gxh6 36. Nd6 Qb3 37. Rc8+ 1-0

[Event "LIBEREC OPEN 2019"]
[Site "Clarion Grandhotel Zlaty Lev, Liberec"]
[Date "2019.02.23"]
[Round "1"]
[White "Harcuba, Jan"]
[Black "Finek, Vaclav"]
[Result "0-1"]
[WhiteElo "1397"]
[BlackElo "1907"]
[PlyCount "46"]
[EventDate "2019.02.23"]

1. e4 c5 2. Bc4 e6 3. Nc3 Nc6 4. Nf3 a6 5. a4 Qc7 6. d3 g6 7. Bd2 Bg7 8. O-O
Nge7 9. Qe2 O-O 10. Rab1 Rd8 11. Bb3 d5 12. exd5 exd5 13. Rfe1 Be6 14. Ng5 Nd4
15. Qd1 Nef5 16. Ne2 Nxe2+ 17. Rxe2 Nd4 18. Re1 Bf5 19. Bc3 Nxb3 20. Bxg7 Kxg7
21. cxb3 Qf4 22. Nf3 Re8 23. Rxe8 Rxe8 0-1

[Event "LIBEREC OPEN 2019"]
[Site "Clarion Grandhotel Zlaty Lev, Liberec"]
[Date "2019.02.23"]
[Round "1"]
[White "Nemcova, Kamila"]
[Black "Zmelty, David"]
[Result "1-0"]
[WhiteElo "1886"]
[BlackElo "1389"]
[PlyCount "41"]
[EventDate "2019.02.23"]

1. e4 e5 2. Nf3 Nc6 3. d4 exd4 4. Bc4 Bb4+ 5. c3 dxc3 6. O-O Nge7 7. Ng5 Ne5 8.
Bxf7+ Nxf7 9. Nxf7 Kxf7 10. Qb3+ Ke8 11. Qxb4 cxb2 12. Bxb2 Rg8 13. Qb5 h6 14.
Qh5+ Kf8 15. Rc1 d5 16. Rd1 c6 17. Rd3 Be6 18. Rf3+ Nf5 19. exf5 Bf7 20. Ba3+
Ke8 21. Re3+ 1-0

[Event "LIBEREC OPEN 2019"]
[Site "Clarion Grandhotel Zlaty Lev, Liberec"]
[Date "2019.02.24"]
[Round "2"]
[White "Bradac, Daniel"]
[Black "Shagbazian, Taron"]
[Result "1-0"]
[WhiteElo "2020"]
[BlackElo "2421"]
[PlyCount "81"]
[EventDate "2019.02.23"]

1. e4 e5 2. Nf3 Nc6 3. Bb5 a6 4. Ba4 Nf6 5. O-O Be7 6. d3 b5 7. Bb3 d6 8. c3
O-O 9. h3 h6 10. Nbd2 Re8 11. Re1 Bf8 12. Nf1 g6 13. a4 Rb8 14. axb5 axb5 15.
Ne3 Bg7 16. Nh2 Be6 17. Neg4 Nxg4 18. Nxg4 h5 19. Nh6+ Kf8 20. Bxe6 Rxe6 21.
Qf3 Qd7 22. Bg5 f6 23. g4 Ke8 24. Be3 Bxh6 25. Bxh6 hxg4 26. Qxg4 Qf7 27. Ra6
Kd7 28. Qf3 g5 29. d4 exd4 30. Rxc6 Kxc6 31. cxd4 Kb6 32. Qf5 Rh8 33. Bg7 Rh4
34. f3 Re7 35. Rc1 Qe8 36. Bxf6 Reh7 37. Kf2 Rxh3 38. d5 Rh2+ 39. Ke3 Rh1 40.
Rc3 R7h2 41. Bxg5 1-0

[Event "LIBEREC OPEN 2019"]
[Site "Clarion Grandhotel Zlaty Lev, Liberec"]
[Date "2019.02.24"]
[Round "2"]
[White "Dambrauskas, Virginijus"]
[Black "Otruba, Marek"]
[Result "1-0"]
[WhiteElo "2277"]
[BlackElo "2015"]
[PlyCount "67"]
[EventDate "2019.02.23"]

1. d4 Nf6 2. c4 g6 3. Nc3 d5 4. h4 c5 5. cxd5 Nxd5 6. h5 Bg7 7. Nf3 Nc6 8. e3
Bf5 9. Qb3 Ndb4 10. e4 Na5 11. Qa4+ Bd7 12. Bb5 Nc4 13. dxc5 Nd3+ 14. Ke2 Nce5
15. Bxd7+ Qxd7 16. Qxd7+ Kxd7 17. Rd1 Kc6 18. Rxd3 Nxd3 19. Kxd3 gxh5 20. Kc4
Rhg8 21. g3 e6 22. Be3 Raf8 23. Rh1 f5 24. Rxh5 h6 25. Nd4+ Kd7 26. exf5 Bxd4
27. fxe6+ Kxe6 28. Bxd4 Rg6 29. Re5+ Kd7 30. a4 Ra6 31. b3 Rg6 32. b4 Ra6 33.
a5 Rg6 34. Ne4 1-0

[Event "LIBEREC OPEN 2019"]
[Site "Clarion Grandhotel Zlaty Lev, Liberec"]
[Date "2019.02.24"]
[Round "2"]
[White "Grzesik, Norbert"]
[Black "Dowgird, Filip"]
[Result "0-1"]
[WhiteElo "2007"]
[BlackElo "2270"]
[PlyCount "52"]
[EventDate "2019.02.23"]

1. e4 e6 2. d4 d5 3. Nc3 Nc6 4. Nf3 Nf6 5. exd5 exd5 6. Bb5 Be7 7. h3 O-O 8.
O-O Ne4 9. Bxc6 bxc6 10. Nxe4 dxe4 11. Ne5 Bb7 12. Be3 f6 13. c3 Qd5 14. c4 Qe6
15. Qg4 f5 16. Qg3 Rad8 17. Rad1 Bd6 18. Bf4 c5 19. dxc5 Bxc5 20. b3 Rfe8 21.
Rxd8 Rxd8 22. Re1 Bb4 23. Re2 Rd1+ 24. Kh2 Bd6 25. Nf3 exf3 26. Rxe6 fxg2 0-1

[Event "LIBEREC OPEN 2019"]
[Site "Clarion Grandhotel Zlaty Lev, Liberec"]
[Date "2019.02.24"]
[Round "2"]
[White "Balinski, Damian"]
[Black "Polansky, Adam Lubos"]
[Result "1/2-1/2"]
[WhiteElo "2161"]
[BlackElo "1997"]
[PlyCount "97"]
[EventDate "2019.02.23"]

1. d4 d5 2. c4 e6 3. Nc3 Nf6 4. Bg5 Be7 5. Nf3 Nbd7 6. e3 h6 7. Bh4 O-O 8. Rc1
c6 9. a3 a6 10. Qc2 dxc4 11. Bxc4 b5 12. Ba2 Bb7 13. O-O c5 14. dxc5 Bxc5 15.
Rfd1 Be7 16. Ne5 Qe8 17. Nxd7 Nxd7 18. Bg3 Nf6 19. e4 Qc6 20. Qe2 Nxe4 21. Nd5
Nxg3 22. hxg3 Qe8 23. Nc7 Qb8 24. Nxa8 Qxa8 25. Rd7 Bf6 26. f3 Rc8 27. Rxc8+
Qxc8 28. Rd1 Qc5+ 29. Qf2 Qxf2+ 30. Kxf2 Bxb2 31. Rd8+ Kh7 32. Rd7 Bd5 33. Bb1+
f5 34. g4 Bxa3 35. gxf5 Bc5+ 36. Kg3 Kg8 37. fxe6 Bxe6 38. Rd8+ Kf7 39. Ra8 b4
40. Rxa6 b3 41. Kf4 Be7 42. Rb6 Bc5 43. Rb5 Bd6+ 44. Ke4 Kf6 45. f4 g6 46. Kf3
h5 47. Be4 Bc7 48. Bd5 Bf5 49. Bxb3 1/2-1/2

[Event "LIBEREC OPEN 2019"]
[Site "Clarion Grandhotel Zlaty Lev, Liberec"]
[Date "2019.02.24"]
[Round "2"]
[White "Skurniak, Szymon"]
[Black "Romanov, Sergey"]
[Result "0-1"]
[WhiteElo "1974"]
[BlackElo "2139"]
[PlyCount "76"]
[EventDate "2019.02.23"]

1. e4 c5 2. Be2 Nc6 3. c3 Nf6 4. d3 d5 5. Nd2 e5 6. Ngf3 Be7 7. O-O O-O 8. h3
h6 9. Re1 Be6 10. Qc2 d4 11. Nf1 Qd7 12. Ng3 b6 13. Rf1 Rad8 14. Nxe5 Nxe5 15.
f4 Nxd3 16. Qxd3 c4 17. Qd2 d3 18. Bf3 Bxh3 19. gxh3 Qxh3 20. Nf5 Bc5+ 21. Ne3
Ng4 22. Bxg4 Qxg4+ 23. Kh2 Qh4+ 24. Kg2 Rd6 25. f5 Qxe4+ 26. Rf3 Re8 27. Qf2
Rd5 28. Bd2 Rxf5 29. Re1 Rfe5 30. b4 Bd6 31. Nf5 Qd5 32. Rxe5 Rxe5 33. Nd4 Rh5
34. Kg1 Be5 35. Nf5 Bh2+ 36. Kf1 Rxf5 37. Rxf5 Qh1+ 38. Qg1 Qxg1# 0-1

[Event "LIBEREC OPEN 2019"]
[Site "Clarion Grandhotel Zlaty Lev, Liberec"]
[Date "2019.02.24"]
[Round "2"]
[White "Bakhtin, Vladimir A"]
[Black "Woolacott, Samuel"]
[Result "1-0"]
[WhiteElo "2138"]
[BlackElo "1947"]
[PlyCount "93"]
[EventDate "2019.02.23"]

1. d4 e6 2. Nf3 Nf6 3. c4 Bb4+ 4. Nbd2 d5 5. a3 Be7 6. g3 a5 7. b3 O-O 8. Bg2
c5 9. dxc5 dxc4 10. Nxc4 Qxd1+ 11. Kxd1 Bxc5 12. Be3 Bxe3 13. Nxe3 Nc6 14. Kc2
e5 15. Kb2 h6 16. Rac1 Be6 17. Nc4 Ng4 18. Rhf1 e4 19. Nfd2 e3 20. Nxe3 Nxe3
21. fxe3 Ne5 22. h3 Rad8 23. Nf3 Nc6 24. Rfd1 a4 25. b4 Bb3 26. Rxd8 Rxd8 27.
Rc3 Rd1 28. Rd3 Kf8 29. Rxd1 Bxd1 30. Bf1 Ke7 31. Nd4 Ne5 32. Kc3 g6 33. Bg2 b6
34. Be4 Kd6 35. Nb5+ Kd7 36. Bd3 Nxd3 37. exd3 Bf3 38. Kd4 Bd1 39. e4 Bb3 40.
Ke3 Be6 41. h4 f6 42. d4 Bc4 43. Nc3 b5 44. d5 Kd6 45. Kd4 Bf1 46. Nd1 g5 47.
Ne3 1-0

[Event "LIBEREC OPEN 2019"]
[Site "Clarion Grandhotel Zlaty Lev, Liberec"]
[Date "2019.02.24"]
[Round "2"]
[White "Mikulas, Dusan"]
[Black "Dzikowski, Michal"]
[Result "1/2-1/2"]
[WhiteElo "1973"]
[BlackElo "2132"]
[PlyCount "53"]
[EventDate "2019.02.23"]

1. e4 c5 2. Nf3 e6 3. d4 cxd4 4. Nxd4 Nc6 5. Nc3 Qc7 6. Be2 a6 7. Be3 Nf6 8. a3
Be7 9. O-O O-O 10. Kh1 b5 11. f4 Rd8 12. e5 Ne8 13. Bd3 g6 14. Qf3 Bb7 15. Qg3
Bf8 16. Nxc6 Bxc6 17. Ne4 Bxe4 18. Bxe4 Rac8 19. f5 exf5 20. Bxf5 Bg7 21. Bd3
d6 22. exd6 Nxd6 23. Qf2 Re8 24. Bb6 Qb7 25. Bd4 f5 26. Rae1 Ne4 27. Qg1
1/2-1/2

[Event "LIBEREC OPEN 2019"]
[Site "Clarion Grandhotel Zlaty Lev, Liberec"]
[Date "2019.02.24"]
[Round "2"]
[White "Cermak, Michal"]
[Black "Ortiz Sanchez, Luis"]
[Result "1/2-1/2"]
[WhiteElo "2106"]
[BlackElo "1922"]
[PlyCount "84"]
[EventDate "2019.02.23"]

1. d4 f5 2. Nf3 Nf6 3. Bg5 d5 4. Bxf6 exf6 5. e3 Be6 6. Bd3 Nc6 7. c3 a6 8.
Nbd2 Qd7 9. Qc2 g6 10. b4 Ne7 11. O-O Nc8 12. Rfb1 Nd6 13. a4 Be7 14. c4 dxc4
15. Nxc4 O-O 16. Nxd6 Bxd6 17. Bc4 Kg7 18. d5 Bf7 19. Nd4 Qe7 20. b5 Qe5 21.
Nf3 Qe4 22. Qxe4 fxe4 23. Nd4 Be5 24. bxa6 bxa6 25. Rb7 Rfd8 26. Rd1 Bd6 27.
Nc6 Rdc8 28. Rdb1 Be8 29. Na7 Rd8 30. a5 Kh6 31. Kf1 f5 32. Ke2 Kg5 33. h3 h5
34. f3 exf3+ 35. gxf3 Bd7 36. Nc6 Bxc6 37. dxc6 Re8 38. Bf7 Re7 39. Bd5 Kf6 40.
Rb8 Re8 41. Rxa8 Rxa8 42. Bc4 Ke5 1/2-1/2

[Event "LIBEREC OPEN 2019"]
[Site "Clarion Grandhotel Zlaty Lev, Liberec"]
[Date "2019.02.24"]
[Round "2"]
[White "Jeute, Peter"]
[Black "Jinova, Lucie"]
[Result "1/2-1/2"]
[WhiteElo "1928"]
[BlackElo "2096"]
[PlyCount "27"]
[EventDate "2019.02.23"]

1. d4 d5 2. Nf3 Nf6 3. e3 e6 4. Bd3 c5 5. c3 Nc6 6. Nbd2 Be7 7. O-O O-O 8. dxc5
Bxc5 9. b4 Bd6 10. Bb2 e5 11. e4 dxe4 12. Nxe4 Nxe4 13. Bxe4 Be6 14. Re1
1/2-1/2

[Event "LIBEREC OPEN 2019"]
[Site "Clarion Grandhotel Zlaty Lev, Liberec"]
[Date "2019.02.24"]
[Round "2"]
[White "Kaderabek, Jiri"]
[Black "Elias, Jakub"]
[Result "1-0"]
[WhiteElo "2093"]
[BlackElo "1910"]
[PlyCount "57"]
[EventDate "2019.02.23"]

1. e4 c5 2. Nf3 d6 3. d4 cxd4 4. Qxd4 a6 5. h3 Nc6 6. Qe3 Nf6 7. Be2 e6 8. c4
Be7 9. O-O Qc7 10. Nc3 O-O 11. b3 Rd8 12. Bb2 d5 13. Rad1 dxc4 14. Bxc4 b5 15.
Rxd8+ Bxd8 16. Bd3 Qb6 17. Qe2 Nh5 18. Qd2 Qc7 19. Rc1 Bb7 20. Ne2 Bf6 21. e5
Be7 22. Nfd4 Qd7 23. Nxc6 Bxc6 24. Qc2 Bb7 25. Rd1 Qc6 26. Qxc6 Bxc6 27. g4 Rd8
28. gxh5 Be4 29. Nd4 1-0

[Event "LIBEREC OPEN 2019"]
[Site "Clarion Grandhotel Zlaty Lev, Liberec"]
[Date "2019.02.24"]
[Round "2"]
[White "Finek, Vaclav"]
[Black "Ochedzan, Tymon"]
[Result "1/2-1/2"]
[WhiteElo "1907"]
[BlackElo "2076"]
[PlyCount "61"]
[EventDate "2019.02.23"]

1. d4 Nf6 2. c4 g6 3. Nf3 Bg7 4. g3 O-O 5. Bg2 c5 6. Nc3 d5 7. dxc5 dxc4 8. O-O
Qa5 9. Qc2 Qxc5 10. Rd1 Nc6 11. a3 Bf5 12. Qa4 Ng4 13. Rf1 Bxc3 14. bxc3 b5 15.
Qd1 Rad8 16. Qe1 Na5 17. h3 Nf6 18. Be3 Qc8 19. Kh2 Nb3 20. Ra2 Qc7 21. Bf4 Qa5
22. Nd4 Qb6 23. a4 a6 24. axb5 axb5 25. Nc6 Rd7 26. Ne5 Rdd8 27. Nc6 Rd7 28.
Ne5 Rdd8 29. Nc6 Rd7 30. Ne5 Rdd8 31. Nc6 1/2-1/2

[Event "LIBEREC OPEN 2019"]
[Site "Clarion Grandhotel Zlaty Lev, Liberec"]
[Date "2019.02.24"]
[Round "2"]
[White "Wuensch, Ulrich"]
[Black "Lehnert, Stefan"]
[Result "1/2-1/2"]
[WhiteElo "2064"]
[BlackElo "1863"]
[PlyCount "46"]
[EventDate "2019.02.23"]

1. d4 Nf6 2. Nf3 d5 3. e3 Bf5 4. c4 e6 5. Nc3 c6 6. Be2 Nbd7 7. O-O Qc7 8. b3
Ne4 9. Bb2 Nxc3 10. Bxc3 Nf6 11. Bb2 h6 12. Rc1 Bd6 13. c5 Be7 14. b4 O-O 15.
Ne5 Nd7 16. f4 Nxe5 17. dxe5 f6 18. Bg4 fxe5 19. Bxe5 Qd8 20. Bh5 Bf6 21. Bd6
Be7 22. Be5 Bf6 23. Bd6 Be7 1/2-1/2

[Event "LIBEREC OPEN 2019"]
[Site "Clarion Grandhotel Zlaty Lev, Liberec"]
[Date "2019.02.24"]
[Round "2"]
[White "Grabarczyk, Sylwester"]
[Black "Nemcova, Karin"]
[Result "1/2-1/2"]
[WhiteElo "1795"]
[BlackElo "2033"]
[PlyCount "46"]
[EventDate "2019.02.23"]

1. e4 c5 2. Nc3 Nc6 3. f4 g6 4. Nf3 Bg7 5. Bc4 e6 6. d3 Nge7 7. O-O d5 8. Bb3
O-O 9. Qe1 Na5 10. f5 c4 11. Ba4 a6 12. dxc4 dxc4 13. b4 Qb6+ 14. Be3 Qxb4 15.
f6 Bxf6 16. e5 Bg7 17. Rb1 Qa3 18. Bc1 Qc5+ 19. Be3 Qc7 20. Bb6 Qb8 21. Ne4
Nac6 22. Nf6+ Bxf6 23. exf6 Nd5 1/2-1/2

[Event "LIBEREC OPEN 2019"]
[Site "Clarion Grandhotel Zlaty Lev, Liberec"]
[Date "2019.02.24"]
[Round "2"]
[White "Krajinski, Lutz"]
[Black "Pawicka, Magdalena"]
[Result "0-1"]
[WhiteElo "1521"]
[BlackElo "1748"]
[PlyCount "48"]
[EventDate "2019.02.23"]

1. d4 d5 2. b3 Nf6 3. Bb2 e6 4. Nf3 b6 5. e3 Bb7 6. Bd3 Bd6 7. Nbd2 O-O 8. Ne5
Ne4 9. O-O f5 10. f4 c5 11. Rf3 Qe7 12. Rh3 Nd7 13. Ndf3 Ndf6 14. Qe2 Ng4 15.
Rf1 Rac8 16. Nd2 Bxe5 17. fxe5 Nxd2 18. Qxd2 Qc7 19. Rg3 c4 20. h3 cxd3 21.
hxg4 Qxc2 22. Qxc2 Rxc2 23. Ba3 d2 24. Bxf8 Rc1 0-1

[Event "LIBEREC OPEN 2019"]
[Site "Clarion Grandhotel Zlaty Lev, Liberec"]
[Date "2019.02.24"]
[Round "2"]
[White "Slechta, Jan"]
[Black "Voldrich, Milan"]
[Result "1-0"]
[WhiteElo "1744"]
[BlackElo "1526"]
[PlyCount "51"]
[EventDate "2019.02.23"]

1. b4 e5 2. Bb2 d6 3. c4 Nf6 4. Nc3 b6 5. e3 Bb7 6. Nf3 Be7 7. Qc2 Nbd7 8. d4
Bxf3 9. gxf3 exd4 10. exd4 c6 11. Rg1 g6 12. f4 Qc7 13. d5 Nh5 14. dxc6 Ndf6
15. b5 Nxf4 16. Qd2 N4h5 17. O-O-O O-O-O 18. Be2 Ng7 19. Nd5 Nxd5 20. Qxd5 f6
21. Qf7 Rhg8 22. Bxf6 Rdf8 23. Qxe7 Qxe7 24. Bxe7 Re8 25. Bg4+ Kc7 26. Bxd6+
1-0

[Event "LIBEREC OPEN 2019"]
[Site "Clarion Grandhotel Zlaty Lev, Liberec"]
[Date "2019.02.25"]
[Round "3"]
[White "Dowgird, Filip"]
[Black "Cakl, Zdenek"]
[Result "1-0"]
[WhiteElo "2270"]
[BlackElo "2058"]
[PlyCount "79"]
[EventDate "2019.02.23"]

1. d4 d5 2. Bf4 e6 3. e3 f5 4. Nf3 Nf6 5. c4 Bd6 6. Ne5 O-O 7. Nc3 c6 8. Bd3
Qe7 9. h3 Nbd7 10. Nxd7 Bxd7 11. Bxd6 Qxd6 12. c5 Qe7 13. f4 Ne4 14. Bxe4 Qh4+
15. Ke2 fxe4 16. Qe1 Qe7 17. Rc1 b6 18. Na4 b5 19. Nc3 b4 20. Nd1 a5 21. Nf2
Bc8 22. Ng4 Ba6+ 23. Kd1 Bc4 24. Ra1 Qb7 25. Ne5 Qb5 26. Kd2 Qa4 27. Qd1 Qxd1+
28. Rhxd1 Bb5 29. h4 g6 30. Rh1 Ra7 31. Rh3 Kg7 32. Rg3 Rf5 33. Rh1 Rh5 34.
Rgh3 Rf5 35. g4 Rf8 36. g5 h5 37. gxh6+ Kh7 38. Rg3 Rf6 39. Rhg1 Kxh6 40. Ng4+
1-0